20 Best Songs of 2023 - Statistics

General Stats
  • This quiz has been taken 69 times
  • The average score is 5 of 20
Answer Stats
Song Artist % Correct
8 Vampire Olivia Rodrigo
80%
10 Bad Idea Right? Olivia Rodrigo
80%
11 Did You Know That There's A Tunnel Under Ocean Blvd Lana Del Rey
67%
1 A&W Lana Del Rey
61%
20 Boy's a Liar, Pt. 2 Pinkpantheress feat. Ice Spice
38%
4 Rush Troye Sivan
38%
3 Not Strong Enough Boygenius
34%
18 $20 Boygenius
22%
6 Vampire Empire Big Thief
17%
17 Bug Like an Angel Mitski
17%
2 Will Anybody Ever Love Me? Sufjan Stevens
11%
7 Pretty in Possible Caroline Polachek
9%
13 Psychedelic Switch Carly Rae Jepsen
8%
5 So You Are Tired Sufjan Stevens
8%
9 Chosen to Deserve Wednesday
6%
16 Hollywood Baby 100 Gecs
5%
12 I Believe Caroline Polachek
5%
14 Pearls Jessie Ware
3%
15 Contact Kelela
3%
19 Kisses Slowdive
2%
No matching quizzes found
Score Distribution
Percent of People with Each Score
Percentile by Number Answered
Your Score History
You have not taken this quiz